00000000nam 2200000zi 4500
0019.947520
003CaOODSP
00520250205111148
006m     o  d f      
007cr mn|||||||||
008250129e20250129oncabd  obs  f000 0 eng d
040 |aCaOODSP|beng|erda|cCaOODSP
043 |an-cn---
0861 |aCS75-006/2025-2-1E-PDF
1001 |aForan, Helen, |eauthor.
24514|aThe intersection of flooding and deprivation : |ba study of neighbourhoods / |cby Helen Foran, Maire Sinha and Lauren Pinault.
264 1|a[Ottawa] : |bStatistics Canada = Statistique Canada, |cJanuary 29, 2025.
264 4|c©2025
300 |a1 online resource (8 pages) : |bcolour illustration, colour maps, colour charts.
336 |atext|btxt|2rdacontent
337 |acomputer|bc|2rdamedia
338 |aonline resource|bcr|2rdacarrier
4901 |aInsights on Canadian society, |v2291-0840
500 |aIssued also in French under title: Recoupements entre les inondations et la défavorisation : étude sur les quartiers.
500 |a"Catalogue no. 75-006-X."
504 |aIncludes bibliographical references (page 8).
650 0|aFloods|zCanada|vStatistics.
655 7|aStatistics|2lcgft
7102 |aStatistics Canada, |eissuing body.
77508|tRecoupements entre les inondations et la défavorisation : |w(CaOODSP)9.947521
830#0|aInsights on Canadian society (Statistics Canada)|w(CaOODSP)9.507406
85640|qPDF|s872 KB|uhttps://publications.gc.ca/collections/collection_2025/statcan/75-006-x/75-006-2025-2-1-eng.pdf
8564 |qHTML|sN/A|uhttps://www150.statcan.gc.ca/n1/pub/75-006-x/2025002/article/00001-eng.htm